Southville International School and Colleges
Your cart is empty.
  • Cart
  • Lists
    Public lists Eva Luna New books Lux_list list_1
    Your lists Log in to create your own lists
  • Log in to your account
  • Your cookies
  • Search history
Southville International School and Colleges
  • Advanced search
  • Recent comments
  • Most popular
  • Libraries

Log in to your account

Log in with GOOGLE


If you do not have an external account, but do have a local account, you can still log in:

  1. Home
  2. MARC view: The Parenting map:
Normal view MARC view ISBD view

The Parenting map: (Record no. 359482)

[ view plain ]
MARC details
000 -LEADER
fixed length control field 00509nam a2200181Ia 4500
003 - CONTROL NUMBER IDENTIFIER
control field SISC
005 - DATE AND TIME OF LATEST TRANSACTION
control field 20181204070849.0
008 - FIXED-LENGTH DATA ELEMENTS--GENERAL INFORMATION
fixed length control field 181126s9999 xx 000 0 und d
020 ## - INTERNATIONAL STANDARD BOOK NUMBER
International Standard Book Number 9789710092468
050 ## - LIBRARY OF CONGRESS CALL NUMBER
Classification number BV 4529
Item number .Sa519 2013
100 ## - MAIN ENTRY--PERSONAL NAME
Personal name Sala, Harold J.
245 ## - TITLE STATEMENT
Statement of responsibility, etc Harold J. Sala
Title The Parenting map:
Remainder of title navigating the way to raising great kids/
260 ## - PUBLICATION, DISTRIBUTION, ETC. (IMPRINT)
Place of publication, distribution, etc Manila :
Name of publisher, distributor, etc OMF Literature Inc.
Date of publication, distribution, etc 2013
300 ## - PHYSICAL DESCRIPTION
Extent 255 pages :
Dimensions 21 cm.
650 ## - SUBJECT ADDED ENTRY--TOPICAL TERM
Topical term or geographic name as entry element Parenting
942 ## - ADDED ENTRY ELEMENTS (KOHA)
Source of classification or shelving scheme Library of Congress Classification
Koha item type Books
Holdings
Withdrawn status Lost status Damaged status Home library Current library Shelving location Date acquired Source of acquisition Total Checkouts Full call number Barcode Date last seen Price effective from Koha item type
      Luxembourg Library Luxembourg Library Filipiniana Section 11/26/2018     BV 4529 .Sa519 2013 20683 11/26/2018 11/26/2018 Books

The Parenting map:

APA

Sala H. J., . (2013). The Parenting map. Manila: OMF Literature Inc.

Chicago

Sala Harold J, . 2013. The Parenting map. Manila: OMF Literature Inc.

Harvard

Sala H. J., . (2013). The Parenting map. Manila: OMF Literature Inc.

MLA

Sala Harold J, . The Parenting map. Manila: OMF Literature Inc. 2013.

  • Place hold
  • Print
  • Cite
  • Add to your cart (remove)
  • Save record
    BIBTEX Dublin Core MARCXML MARC (non-Unicode/MARC-8) MARC (Unicode/UTF-8) MARC (Unicode/UTF-8, Standard) MODS (XML) RIS
  • More searches
    Search for this title in:
    Other Libraries (WorldCat) Other Databases (Google Scholar) Online Stores (Bookfinder.com) Open Library (openlibrary.org)

Exporting to Dublin Core...

SOUTHVILLE LIBRARY

Southville International School and Colleges Library

1281 Tropical Ave. Cor. Luxembourg St., BF Homes International, Las Pinas City

Tel. No. 8256374 / 252358 Loc. 117/146

Powered by Koha